LIBRARY & INFORMATION CENTRE, KCAET, TAVANUR

ONLINE PUBLIC ACCESS CATALOGUE (OPAC)

Simhavalokan / (Record no. 8417)

MARC details
000 -LEADER
fixed length control field 00438cam a2200193ua 4500
041 ## - LANGUAGE CODE
Language code of text/sound track or separate title hin
082 ## - DEWEY DECIMAL CLASSIFICATION NUMBER
Classification number 891.54
Item number YAS/SI
100 ## - MAIN ENTRY--AUTHOR NAME
Personal name Yashpal, .
245 ## - TITLE STATEMENT
Title Simhavalokan /
250 ## - EDITION STATEMENT
Edition statement 2 /
260 ## - PUBLICATION, DISTRIBUTION, ETC. (IMPRINT)
Place of publication Lucknow :
Name of publisher Viplav Karyalay ,
Year of publication 1958.
300 ## - PHYSICAL DESCRIPTION
Number of Pages 164 ; .
942 ## - ADDED ENTRY ELEMENTS (KOHA)
Koha item type Books
Holdings
Withdrawn status Lost status Damaged status Home library Current library Date acquired Full call number Accession Number Koha item type
Withdrawn     KAUAET Sanskrit University 07/04/2012 891.54 2022 Books
Withdrawn     KAUAET Sanskrit University 07/04/2012 891.54 2023 Books
free website counter